| 000 | 00485nam a22001457a 4500 | ||
|---|---|---|---|
| 008 | 230612b |||||||| |||| 00| 0 eng d | ||
| 040 |
_aNational Science Library _cNational Science Library |
||
| 080 |
_aR 91(083.86) _bK5 |
||
| 245 |
_aTimes index-gazetteer of the world _c/ Times Publishing Company Ltd |
||
| 260 |
_aLondon: _bTimes Publishing Company Ltd Printing House Square, _c1965 |
||
| 300 | _axxxi, 964p. | ||
| 650 | _aGeography | ||
| 653 | _aGazetteer | ||
| 942 |
_2udc _cREF |
||
| 999 |
_c42116 _d42116 |
||